Informace v prognostické činnosti

Enregistré dans:
Détails bibliographiques
Auteur principal: Šulc, Ota
Format: Livre
Langue:tchèque
Publié: Praha Ústředí vědeckých, technických a ekonomických informací 1989
Édition:1. vyd.
Tags: Ajouter un tag
Pas de tags, Soyez le premier à ajouter un tag!

MARC

LEADER 00000nam a2200000 4500
001 c033744
005 20251111094915.0
041 0 |a cze 
044 |a CZ 
245 1 0 |a Informace v prognostické činnosti  |c Ota Šulc 
250 |a 1. vyd. 
264 1 |a Praha  |b Ústředí vědeckých, technických a ekonomických informací  |c 1989 
300 |a 154 s. 
100 1 |a Šulc, Ota